000 nam a22 7a 4500
999 _c9262
_d9262
008 180125b ||||| |||| 00| 0 eng d
100 _aSharma N
_92117
245 _aMaster english -x
260 _aNew Delhi
_bLake.com
_c2008